Data Structure with C (Record no. 5083)

MARC details
000 -LEADER
fixed length control field 00416nam a22001697a 4500
005 - DATE AND TIME OF LATEST TRANSACTION
control field 20180321144857.0
008 - FIXED-LENGTH DATA ELEMENTS--GENERAL INFORMATION
fixed length control field 160701b xxu||||| |||| 00| 0 eng d
020 ## - INTERNATIONAL STANDARD BOOK NUMBER
ISBN 978-0-07-070198-4
041 ## - LANGUAGE CODE
Language code of text/sound track or separate title eng
082 ## - DEWEY DECIMAL CLASSIFICATION NUMBER
Item number 20472
Classification number 005.73
100 ## - MAIN ENTRY--AUTHOR NAME
Personal name Lipschutz Seymour
245 ## - TITLE STATEMENT
Title Data Structure with C
260 ## - PUBLICATION, DISTRIBUTION, ETC. (IMPRINT)
Name of publisher Mc graw hill
Year of publication 2015
300 ## - PHYSICAL DESCRIPTION
Number of Pages 9.54
650 ## - SUBJECT ADDED ENTRY--TOPICAL TERM
Topical Term Information Technology
942 ## - ADDED ENTRY ELEMENTS (KOHA)
Koha item type Books
Holdings
Lost status Damaged status Collection code Home library Current library Shelving location Date acquired Cost, normal purchase price Full call number Accession Number Koha item type
    CS/IT JRU Library JRU Library SHELF-55-C 01/07/2016 540.00 005.73 20472 Books
    CS/IT JRU Library JRU Library SHELF-55-C 01/07/2016 540.00 005.73 20473 Books
    CS/IT JRU Library JRU Library SHELF-55-C 01/07/2016 540.00 005.73 20474 Books
    CS/IT JRU Library JRU Library SHELF-55-C 01/07/2016 540.00 005.73 20475 Books
    CS/IT JRU Library JRU Library SHELF-55-C 01/07/2016 540.00 005.73 20476 Books
    CS/IT JRU Library JRU Library SHELF-55-C 01/07/2016 540.00 005.73 20477 Books
    CS/IT JRU Library JRU Library SHELF-55-C 01/07/2016 540.00 005.73 20478 Books
    CS/IT JRU Library JRU Library SHELF-53-B 01/07/2016 540.00 005.73 20479 Books
    CS/IT JRU Library JRU Library SHELF-55-C 01/07/2016 540.00 005.73 20480 Books
    CS/IT JRU Library JRU Library SHELF-55-C 01/07/2016 540.00 005.73 20481 Books